000 00653nam a2200217Ia 4500
003 GCL
008 140319s9999 xx 000 0 ara d
040 _aGCL /
_cGCL
082 0 4 _a910.4
_bى ا
100 1 _aيوسف عزالدين
245 1 0 _aالى الديار الممنوعة: غرائب السفر وطرائفة /
_cيوسف عزالدين
260 _a[S.N] :
_bالهيئة المصرية العامة للكتاب ،
_c1989
300 _a170 ص
490 _a
650 0 4 _aالقصص
650 0 4 _aالرحلات
650 0 4 _aالعالم
650 0 4 _aاداب السفر
650 0 4 _aوصف ورحلات
942 _2ddc
_cBK
999 _c30913
_d30913